00310nam a22000977a 4500082002200000110004400022245002900066260006200095300001800157526003700175 a388.09598bGOVcD aGovernment of the Republic of Indonesia aTariff Review Guidelines aT.P.O'Sullivan and Partners, Consulting Engineers, London a215p.:bill.; a0b0c0d388_095980000000000_GOV